Východná Európa v premenách času 1 Zo sociálno-politických a kultúrnych dejín do konca 15. storočia

Bibliographic Details
Main Author: Daniš, Miroslav, 1960- (Author)
Format: Book
Language:Slovak
PhysicalDescription:105 s., 7,85 AH, 8,12 VH Lit. 96 zázn. v angl., češ., ruš. a slov. 21 cm
Published: Bratislava Univerzita Komenského 1994
ISBN:8022307777
Edition:1. vyd.
Subjects:

MARC

LEADER 00000nam a2200000 a 4500
001 vtls001075512
003 SK-MaSNL
005 20260413115310.0
008 250414s1994 xo 0 slo
015 |a SNBA1994/07 
020 |a 8022307777 
035 |a SNK000018345 
040 |a SNK  |b slo  |c SNK  |e AACR2 
041 0 |a slo 
044 |a xo  |c SK 
080 |a 940.1"-/14"(075.8)  |2 2001 
100 1 |a Daniš, Miroslav,  |d 1960-  |4 aut  |9 191806 
245 1 0 |a Východná Európa v premenách času 1  |b Zo sociálno-politických a kultúrnych dejín do konca 15. storočia  |c Miroslav Daniš 
250 |a 1. vyd. 
260 |a Bratislava  |b Univerzita Komenského  |c 1994  |e Bratislava  |f Polygrafické stredisko UK 
300 |a 105 s., 7,85 AH, 8,12 VH  |b Lit. 96 zázn. v angl., češ., ruš. a slov.  |c 21 cm 
366 |e 300 výt. 
500 |a Vysokoškolské skriptá 
650 0 7 |a kultúrne dejiny  |2 SNKPH  |9 4307 
651 7 |a Európa  |2 SNKPH  |9 167569 
655 7 |a učebnice vysokých škôl  |2 SNKPH  |9 70191 
852 |a Slovenská národná knižnica 
919 |a 80-223-0777-7 
958 |a RM 
958 |a NB 
958 |a UV 
999 |c 705367  |d 707297 
952 |t P60, <04>, [BOOK], {604}  |a SNK  |b SNK  |y VYP  |7 0  |p 17A0030708  |o snkSC 86078/1 D1  |0 0  |1 0  |4 0  |d 1997-01-17  |l 0  |r 2004-12-31 00:00:00  |w 2026-02-23